Principles of Geotechnical Engineering (Record no. 9594)

MARC details
000 -LEADER
fixed length control field 00598nam a22002177a 4500
003 - CONTROL NUMBER IDENTIFIER
control field OSt
005 - DATE AND TIME OF LATEST TRANSACTION
control field 20251121112314.0
008 - FIXED-LENGTH DATA ELEMENTS--GENERAL INFORMATION
fixed length control field 251121b |||||||| |||| 00| 0 eng d
020 ## - INTERNATIONAL STANDARD BOOK NUMBER
International Standard Book Number 9789386858160
040 ## - CATALOGING SOURCE
Transcribing agency DDC
082 ## - DEWEY DECIMAL CLASSIFICATION NUMBER
Classification number 620 DAS 2018
100 ## - MAIN ENTRY--PERSONAL NAME
Personal name Das, Braja M. ; Sobhan, Khaled
9 (RLIN) 19525
245 ## - TITLE STATEMENT
Title Principles of Geotechnical Engineering
250 ## - EDITION STATEMENT
Edition statement 9th ed.
260 ## - PUBLICATION, DISTRIBUTION, ETC. (IMPRINT)
Place of publication, distribution, etc. Andover; Cengage, 2018
300 ## - PHYSICAL DESCRIPTION
Extent xxiii, 819p.; Ill: 24cm
504 ## - BIBLIOGRAPHY, ETC. NOTE
Bibliography, etc References, Answers, & Index included
650 ## - SUBJECT ADDED ENTRY--TOPICAL TERM
Topical term or geographic name as entry element Geotechnology
9 (RLIN) 19524
650 ## - SUBJECT ADDED ENTRY--TOPICAL TERM
Topical term or geographic name as entry element Engineering
9 (RLIN) 373
942 ## - ADDED ENTRY ELEMENTS (KOHA)
Source of classification or shelving scheme Dewey Decimal Classification
Koha item type Open Shelf
Holdings
Withdrawn status Lost status Source of classification or shelving scheme Damaged status Not for loan Home library Current library Date acquired Source of acquisition Inventory number Total Checkouts Full call number Barcode Date last seen Koha item type
    Dewey Decimal Classification     Main Kihumuro Campus Main Kihumuro Campus 21/11/2025 Purchase 25/42480   620 DAS 2018 2025-0195 21/11/2025 Open Shelf